[Event "ROM-chT div-A"]
[Site "Mamaia"]
[Date "2019.09.24"]
[Round "4.4"]
[White "Fluerariu, Radu Cristian"]
[Black "Bolintis, Mihai"]
[Result "1-0"]
[WhiteElo "2091"]
[BlackElo "2015"]
[PlyCount "83"]
[EventDate "2019.09.21"]
[EventType "team-tourn"]
[EventRounds "9"]
[EventCountry "ROU"]
[SourceTitle "EXT 2020"]
[Source "ChessBase"]
[SourceDate "2019.10.17"]
[SourceVersion "1"]
[SourceVersionDate "2019.10.17"]
[SourceQuality "1"]
[WhiteTeam "Ineu"]
[BlackTeam "Resita Muncitorul"]
[WhiteTeamCountry "ROU"]
[BlackTeamCountry "ROU"]

1. c4 e6 2. Nc3 c6 3. Nf3 d5 4. e3 Nf6 5. b3 Be7 6. Bb2 0-0 7. Qc2 Nbd7 8. Rg1 b6 9. g4 Bb7 10. h4 e5 11. Be2 e4 12. Nd4 Ne8 13. g5 Nd6 14. f3 exf3 15. Nxf3 Nc5 16. h5 f5 17. h6 g6 18. 0-0-0 Kf7 19. Ne5+ Ke8 20. Kb1 Bxg5 21. b4 Ne6 22. b5 cxb5 23. cxd5 Nc7 24. Qb3 a6 25. Nc6 Bxc6 26. dxc6 Bf6 27. d4 Qe7 28. Ba3 Rd8 29. Bf3 a5 30. e4 b4 31. e5 bxa3 32. Rge1 Ne4 33. exf6 Qb4 34. Bxe4 Qxb3+ 35. axb3 Kf7 36. Bxf5 Kxf6 37. Bd7 Kg5 38. Rh1 Rf3 39. Rdg1+ Kf4 40. Rf1 Ke3 41. Nd1+ Ke4 42. Rh4+ 1-0

[Event "ROM-chT div-A"]
[Site "Mamaia"]
[Date "2019.09.22"]
[Round "2.5"]
[White "Mihai, Cristian"]
[Black "Bolintis, Mihai"]
[Result "0-1"]
[WhiteElo "1931"]
[BlackElo "2015"]
[PlyCount "96"]
[EventDate "2019.09.21"]
[EventType "team-tourn"]
[EventRounds "9"]
[EventCountry "ROU"]
[SourceTitle "EXT 2020"]
[Source "ChessBase"]
[SourceDate "2019.10.17"]
[SourceVersion "1"]
[SourceVersionDate "2019.10.17"]
[SourceQuality "1"]
[WhiteTeam "Ploiesti Universitar"]
[BlackTeam "Resita Muncitorul"]
[WhiteTeamCountry "ROU"]
[BlackTeamCountry "ROU"]

1. e4 e6 2. d3 d5 3. Nd2 g6 4. g3 Bg7 5. Bg2 Ne7 6. Ngf3 b6 7. 0-0 Bb7 8. Re1 Nd7 9. e5 c5 10. Nf1 Qc7 11. Bf4 Nc6 12. Qe2 h6 13. h4 0-0-0 14. c3 Rdg8 15. d4 Bf8 16. Ne3 Qd8 17. Ng4 Ne7 18. dxc5 bxc5 19. b4 Nf5 20. b5 Be7 21. c4 d4 22. Reb1 g5 23. hxg5 Bxg5 24. Nxg5 hxg5 25. Bxb7+ Kxb7 26. Bd2 Kb8 27. a4 Qc8 28. Qe4 Qb7 29. Qxb7+ Kxb7 30. a5 Nh6 31. Nxh6 Rxh6 32. Re1 Rh5 33. Re4 Rgh8 34. Rae1 g4 35. Rxg4 Nxe5 36. Rxe5 Rxe5 37. Rg7 Rf5 38. g4 Rf6 39. Rg5 Rc8 40. Rg7 Rc7 41. g5 Rg6 42. Rxg6 fxg6 43. Bf4 Rd7 44. Kf1 d3 45. Ke1 Rd4 46. Be3 Rxc4 47. Kd2 Rb4 48. Bxc5 Rxb5 0-1

[Event "ROM-chT2"]
[Site "Gilau"]
[Date "2018.10.10"]
[Round "4.5"]
[White "Barzanu, Iulian"]
[Black "Bolintis, Mihai"]
[Result "1/2-1/2"]
[WhiteElo "2192"]
[BlackElo "2077"]
[PlyCount "22"]
[EventDate "2018.10.07"]
[EventType "team-swiss"]
[EventRounds "9"]
[EventCountry "ROU"]
[SourceTitle "CBM 187 Extra"]
[Source "ChessBase"]
[SourceDate "2018.11.04"]
[SourceVersion "1"]
[SourceVersionDate "2018.11.04"]
[SourceQuality "1"]
[WhiteTeam "Oltenia Pro Logos"]
[BlackTeam "Resita Muncitorul"]
[WhiteTeamCountry "ROU"]
[BlackTeamCountry "ROU"]

1. g3 d5 2. Bg2 Nf6 3. Nf3 e6 4. 0-0 Be7 5. b3 0-0 6. Bb2 b6 7. c4 Bb7 8. cxd5 Nxd5 9. d4 c5 10. dxc5 Bxc5 11. a3 a5 1/2-1/2

[Event "ROM-chT2"]
[Site "Slanic Moldova"]
[Date "2017.10.07"]
[Round "8.6"]
[White "Bolintis, Mihai"]
[Black "Dinu, Sergiu Andrei"]
[Result "1-0"]
[WhiteElo "2079"]
[BlackElo "1940"]
[PlyCount "139"]
[EventDate "2017.09.30"]
[EventType "team-tourn"]
[EventRounds "9"]
[EventCountry "ROU"]
[SourceTitle "CBM 181 Extra"]
[Source "ChessBase"]
[SourceDate "2017.12.12"]
[SourceVersion "1"]
[SourceVersionDate "2017.12.12"]
[SourceQuality "1"]
[WhiteTeam "Resita Muncitorul"]
[BlackTeam "Husi"]
[WhiteTeamCountry "ROU"]
[BlackTeamCountry "ROU"]

1. d4 Nf6 2. Nf3 e6 3. e3 b6 4. Be2 Bb7 5. 0-0 Be7 6. c4 0-0 7. Nc3 Ne4 8. Nxe4 Bxe4 9. b3 a5 10. Bb2 d6 11. Nd2 Bb7 12. f4 f5 13. Bf3 d5 14. Rc1 Nd7 15. cxd5 exd5 16. Nc4 c6 17. Ne5 Nxe5 18. fxe5 Qd7 19. Rf2 g6 20. Qe1 h5 21. g3 Kg7 22. Rg2 Rh8 23. Qd1 Rh7 24. Rcc2 Rah8 25. Qd3 Kf8 26. Bc1 Kg7 27. Qf1 Rf8 28. Qd3 Rhh8 29. Kh1 Rh7 30. Rg1 Rhh8 31. Bb2 Rh7 32. Qd1 Rhh8 33. Qc1 Rh7 34. Ba3 Bxa3 35. Qxa3 Rhh8 36. Qc1 Rc8 37. Rgg2 Rcf8 38. Rc3 Rc8 39. Qd1 Rcf8 40. Rgc2 Rc8 41. Kg1 Rcf8 42. Qe2 Rc8 43. Qg2 Rhf8 44. Kh1 Rh8 45. Kg1 Rhf8 46. Qd2 Rh8 47. Qd1 Rhf8 48. a3 Rh8 49. b4 axb4 50. axb4 b5 51. Ra3 Ra8 52. Rca2 Rxa3 53. Rxa3 Qe7 54. Ra7 Rb8 55. Qd2 Kf8 56. Qc3 Ke8 57. Kf2 Ra8 58. Rxa8+ Bxa8 59. Qa3 Bb7 60. Qa7 Qc7 61. h3 Kd8 62. Kg2 Ke8 63. g4 h4 64. gxf5 gxf5 65. Bh5+ Kd8 66. Kf3 Qh7 67. Qb8+ Bc8 68. Qd6+ Bd7 69. Bg6 Qg7 70. e6 1-0

[Event "ROM-chT2"]
[Site "Slanic Moldova"]
[Date "2017.10.01"]
[Round "2.6"]
[White "Balan, Briana Cleopatra"]
[Black "Bolintis, Mihai"]
[Result "1/2-1/2"]
[WhiteElo "1805"]
[BlackElo "2079"]
[PlyCount "115"]
[EventDate "2017.09.30"]
[EventType "team-tourn"]
[EventRounds "9"]
[EventCountry "ROU"]
[SourceTitle "CBM 181 Extra"]
[Source "ChessBase"]
[SourceDate "2017.12.12"]
[SourceVersion "1"]
[SourceVersionDate "2017.12.12"]
[SourceQuality "1"]
[WhiteTeam "Bistrita"]
[BlackTeam "Resita Muncitorul"]
[WhiteTeamCountry "ROU"]
[BlackTeamCountry "ROU"]

1. e4 e6 2. c4 c5 3. Nc3 Nc6 4. f4 b6 5. Nf3 Bb7 6. d4 cxd4 7. Nxd4 d6 8. Be2 Nf6 9. Bf3 Qd7 10. Be3 Rc8 11. 0-0 Be7 12. Rc1 0-0 13. Qe2 Rfd8 14. Rfd1 Qc7 15. Ndb5 Qb8 16. Kh1 Nd7 17. f5 Nce5 18. fxe6 fxe6 19. Bg4 Nf8 20. Nd4 Bf6 21. Nxe6 Nxg4 22. Qxg4 Nxe6 23. Qxe6+ Kh8 24. Bd4 Re8 25. Qf5 Rf8 26. Qb5 Bc6 27. Qh5 Be8 28. Qe2 Bg6 29. Bxf6 Rxf6 30. Nd5 Rf7 31. Rf1 Rcf8 32. Rxf7 Rxf7 33. Re1 Qe8 34. h3 Qe5 35. Qg4 Qe8 36. Kg1 h6 37. Qg3 Rd7 38. e5 dxe5 39. Rxe5 Qf7 40. Qe3 Bb1 41. a3 Bg6 42. b4 Kh7 43. Re7 Rxe7 44. Qxe7 Qf5 45. Qe3 Qc2 46. Qc3 Qa2 47. Nf4 Be4 48. Qe3 Qc2 49. c5 g5 50. Ne2 bxc5 51. bxc5 Kg6 52. Qf2 Qd1+ 53. Kh2 Qd2 54. Kg1 Qd1+ 55. Qf1 Qd5 56. Qf2 Qd1+ 57. Qf1 Qd5 58. Qf2 1/2-1/2

[Event "ROM-chT"]
[Site "Mamaia"]
[Date "2013.09.04"]
[Round "5.6"]
[White "Bolintis, Mihai"]
[Black "Nastase, Robert Paul"]
[Result "0-1"]
[WhiteElo "2085"]
[BlackElo "2099"]
[PlyCount "80"]
[EventDate "2013.08.31"]
[EventType "team-tourn"]
[EventRounds "9"]
[EventCountry "ROU"]
[SourceTitle "CBM 156 Extra"]
[Source "ChessBase"]
[SourceDate "2013.10.22"]
[SourceVersion "1"]
[SourceVersionDate "2013.10.22"]
[SourceQuality "1"]
[WhiteTeam "Resita Muncitorul"]
[BlackTeam "Otopeni"]
[WhiteTeamCountry "ROU"]
[BlackTeamCountry "ROU"]

1. d4 d5 2. Nf3 Nf6 3. c4 c6 4. Nc3 e6 5. Bg5 dxc4 6. e4 b5 7. a4 b4 8. Na2 Ba6 9. Rc1 Qa5 10. Bxf6 gxf6 11. Bxc4 b3+ 12. Nc3 Bxc4 13. Nd2 Ba6 14. Qxb3 Bh6 15. Rd1 Qb6 16. Qxb6 axb6 17. g3 Bxd2+ 18. Kxd2 Nd7 19. b4 Ke7 20. Rhe1 Rhd8 21. Kc2 Bc4 22. f4 Nb8 23. Kb2 Ra7 24. Rd2 c5 25. bxc5 bxc5 26. d5 Nc6 27. Ra1 Nd4 28. Rdd1 Rb8+ 29. Nb5 Bxb5 30. axb5 Rxb5+ 31. Kc3 Rxa1 32. Rxa1 exd5 33. exd5 Kd6 34. Ra6+ Kxd5 35. Rxf6 Rb3+ 36. Kd2 c4 37. Rxf7 c3+ 38. Kd3 c2+ 39. Kd2 Rb1 40. Rd7+ Kc6 0-1

[Event "ROM-chT"]
[Site "Baile Herculane"]
[Date "2010.09.11"]
[Round "8.16"]
[White "Malureanu, Costin George"]
[Black "Bolintis, Mihai"]
[Result "1/2-1/2"]
[WhiteElo "2146"]
[BlackElo "2108"]
[PlyCount "35"]
[EventDate "2010.09.04"]
[EventType "team-tourn"]
[EventRounds "9"]
[EventCountry "ROU"]
[SourceTitle "EXT 2021"]
[Source "ChessBase"]
[SourceDate "2020.10.23"]
[SourceVersion "1"]
[SourceVersionDate "2020.10.23"]
[SourceQuality "1"]

1. e4 e6 2. d4 d5 3. Nc3 dxe4 4. Nxe4 Nd7 5. Nf3 Be7 6. Bd3 Ngf6 7. Qe2 0-0 8. Bg5 Nd5 9. c4 Bxg5 10. Nexg5 N5f6 11. 0-0-0 h6 12. Ne4 b6 13. Ne5 Bb7 14. h4 Nxe4 15. Bxe4 Bxe4 16. Qxe4 Nxe5 17. Qxe5 Qd6 18. Qe3 1/2-1/2

[Event "ROM-chT"]
[Site "Baile Herculane"]
[Date "2010.09.08"]
[Round "5.16"]
[White "Bolintis, Mihai"]
[Black "Dragomirescu, Robin Alexandru"]
[Result "0-1"]
[WhiteElo "2108"]
[BlackElo "2423"]
[PlyCount "78"]
[EventDate "2010.09.04"]
[EventType "team-tourn"]
[EventRounds "9"]
[EventCountry "ROU"]
[SourceTitle "EXT 2021"]
[Source "ChessBase"]
[SourceDate "2020.10.23"]
[SourceVersion "1"]
[SourceVersionDate "2020.10.23"]
[SourceQuality "1"]

1. d4 Nf6 2. Nf3 g6 3. Bf4 Bg7 4. e3 d6 5. h3 0-0 6. Be2 Nc6 7. 0-0 Nd7 8. c3 e5 9. dxe5 dxe5 10. Bg5 f6 11. Bh4 Qe7 12. Nbd2 Nb6 13. Nb3 Be6 14. Qc2 g5 15. Bg3 f5 16. Rad1 a5 17. Rfe1 a4 18. Nc1 e4 19. Nd4 Nxd4 20. cxd4 f4 21. exf4 gxf4 22. Bh2 Bd5 23. b3 Qg5 24. Bc4 e3 25. Bxd5+ Nxd5 26. f3 Rf6 27. bxa4 Rc6 28. Qb3 Rb6 29. Qc2 Raa6 30. Rd3 Rb4 31. Re2 Rc6 32. Qd1 Rb1 33. Rc2 e2 34. Qxe2 Rxc1+ 35. Rxc1 Rxc1+ 36. Kf2 Qh4+ 37. g3 fxg3+ 38. Bxg3 Bxd4+ 39. Kg2 Rg1+ 0-1